| 000 | 00451 a2200169 4500 | ||
|---|---|---|---|
| 005 | 20260328152742.0 | ||
| 008 | 260328b |||||||| |||| 00| 0 eng d | ||
| 020 | _a9789370989481 | ||
| 080 |
_aFM _bMAN/I |
||
| 100 | _a Manilal,C.S | ||
| 245 | _aIlankaimarangal(ഇലങ്കൈമരങ്ങൾ) | ||
| 250 | _a2nd | ||
| 260 |
_bD C books. _aKottayam. _c2025. |
||
| 300 | _a292p. | ||
| 653 | _aFiction-Novel-Malayalam literature | ||
| 942 | _cBK | ||
| 999 |
_c115292 _d115291 |
||